Kuasa keputusan : Bagaimana membuat keputusan yang berjaya dengan keyakinan
| Main Author: | |
|---|---|
| Format: | Book |
| Published: |
Selangor :
Prentice Hall ,
2001
|
| Subjects: |
MARC
| LEADER | 00000cam a2200000 7i4500 | ||
|---|---|---|---|
| 001 | 0000011253 | ||
| 005 | 20050415.0 | ||
| 020 | |a 9839236555 | ||
| 040 | |a INS | ||
| 090 | 0 | 0 | |a BF448. |b K38 2001 |
| 100 | 1 | |a Kaye, Harvey | |
| 245 | 1 | 0 | |a Kuasa keputusan : |b Bagaimana membuat keputusan yang berjaya dengan keyakinan |c Harvey Kaye |
| 260 | |a Selangor : |b Prentice Hall , |c 2001 | ||
| 300 | |a xxii : |b 258p ; |c 22cm. | ||
| 650 | 0 | 0 | |a Choice (psychology) |
| 650 | 0 | 0 | |a Decision making |
| 999 | |a 0000010822 |b BOOK |c Open Shelf |e Default branch | ||
| 999 | |a 0000013376 |b BOOK |c Open Shelf |e Default branch | ||